|
|
|
|
| LEADER |
00000nab a2200000 a 4500 |
| 001 |
vtls000927244 |
| 003 |
SK-MaSNL |
| 005 |
20260303033354.0 |
| 008 |
040720e20010000xo 0 slo |
| 035 |
|
|
|a KE36121
|
| 040 |
|
|
|a KEVKJB
|b slo
|c KEVKJB
|e AACR2
|
| 041 |
0 |
|
|a slo
|
| 044 |
|
|
|a xo
|c SK
|
| 080 |
|
|
|a 622.34
|2 1981
|
| 245 |
0 |
0 |
|a Konkurz na majetok Komagu sa uzavrel
|
| 610 |
2 |
7 |
|a KOMAG, Košice
|2 KEVKJB
|9 877801
|
| 610 |
2 |
7 |
|a Magnezitové závody (Košice, Slovensko)
|2 KEVKJB
|9 175002
|
| 650 |
0 |
7 |
|a konkurz
|2 KEVKJB
|9 4628
|
| 650 |
0 |
7 |
|a uzavretie
|2 KEVKJB
|9 1017027
|
| 651 |
|
7 |
|a KE,
|2 KEVKJB
|9 877256
|
| 655 |
|
7 |
|a periodikum
|2 snkbucl
|9 29553
|
| 700 |
0 |
|
|a Konkurz
|4 iní
|9 1017028
|
| 710 |
2 |
|
|a KOMAG, Košice
|4 aut
|9 877801
|
| 773 |
0 |
8 |
|t Trend
|g Roč. 11
|g Roč. 28, č.5 (2001), s. 2
|
| 773 |
0 |
8 |
|i Príl.:
|t Fakt. - Č. 5 (2001)
|
| 852 |
|
|
|a ZVYKNI
|b KIS3GCP
|
| 999 |
|
|
|c 1669739
|d 1671669
|